00857pam a2200229 a 4500020001500000082002900015100002400044245011200068250001200180260003100192300003600223500002000259526004400279650002700323650000800350650003800358700002100396700002300417856005500440856006600495856006600561 a047184788700a624.171bCOOcL-20,P-1881 aCook, Robert Davis.10aConcepts and applications of finite element analysis /cRobert D. Cook, David S. Malkus, Michael E. Plesha. a3rd ed. aNew York :bWiley,cc1989. axviii, 630 p. :bill. ;c26 cm. aIncludes index. a0b0c0d624_171000000000000_COOK_ROBER 0aFinite element method. 0aMCE 0aStructural analysis (Engineering)1 aMalkus, David S.1 aPlesha, Michael E.4 uhttp://www.loc.gov/catdir/toc/onix01/88027929.html42uhttp://www.loc.gov/catdir/enhancements/fy0607/88027929-b.html42uhttp://www.loc.gov/catdir/enhancements/fy0607/88027929-d.html